书目信息 |
| 题名: |
港口电动装卸机械检测
|
|
| 作者: | 叶国光 主编 | |
| 分册: | ||
| 出版信息: | 北京 人民交通出版社 2009.03 |
|
| 页数: | 207页 | |
| 开本: | 26cm | |
| 丛书名: | ||
| 单 册: | ||
| 中图分类: | U653.92 | |
| 科图分类: | ||
| 主题词: | 电动控制--dian dong kong zhi--港口装卸设备--故障检测 | |
| 电子资源: | ||
| ISBN: | 978-7-114-07276-5 | |
| 000 | 00898nam0 2200253 450 | |
| 001 | 012009836281 | |
| 005 | 20090923085118.20 | |
| 010 | @a978-7-114-07276-5@dCNY28.00 | |
| 100 | @a20090923d2009 em y0chiy0120 ea | |
| 101 | 0 | @achi |
| 102 | @aCN@b110000 | |
| 105 | @aak a 000yy | |
| 106 | @ar | |
| 200 | 1 | @a港口电动装卸机械检测@Agang kou dian dong zhuang xie ji xie jian ce@f叶国光主编@Fzhu bian ye guo guang |
| 210 | @a北京@c人民交通出版社@d2009.03 | |
| 215 | @a207页@c图@d26cm | |
| 300 | @a港湾主体工种职业培训教材 | |
| 320 | @a有书目 (第207页) | |
| 330 | @a本书是港口主体工程技师及高级技师培训教材,主要内容包括:典型港口电动机械概述、零件的失效规律及故障信息的惧与分析等内容。 | |
| 606 | 0 | @a电动控制@Adian dong kong zhi@x港口装卸设备@x故障检测 |
| 690 | @aU653.92@v4 | |
| 701 | 0 | @a叶国光@Aye guo guang@4主编 |
| 801 | 0 | @aCN@bQSSK@c20090923 |
| 905 | @b758270-72@dU653.92@eY427@f3 | |
| 港口电动装卸机械检测/叶国光主编.-北京:人民交通出版社,2009.03 |
| 207页:图;26cm |
| 港湾主体工种职业培训教材 |
| ISBN 978-7-114-07276-5:CNY28.00 |
| 本书是港口主体工程技师及高级技师培训教材,主要内容包括:典型港口电动机械概述、零件的失效规律及故障信息的惧与分析等内容。 |
| ● |
| 相关链接 |
|
|
|
正题名:港口电动装卸机械检测
索取号:U653.92/Y427
 
预约/预借
| 序号 | 登录号 | 条形码 | 馆藏地/架位号 | 状态 | 备注 |
| 1 | 758270 | 207582702 | 期刊室512/501自科库 59排1列2层/ [索取号:U653.92/Y427] | 在馆 | |
| 2 | 758271 | 207582711 | 期刊室512/501自科库 59排1列2层/ [索取号:U653.92/Y427] | 在馆 | |
| 3 | 758272 | 207582720 | 期刊室512/501自科库 59排1列2层/ [索取号:U653.92/Y427] | 在馆 |